Länder nach Wikipedia Beschreibungen #5 - Statistiken

Allgemein
  • Dieses Quiz wurde 37 mal gespielt
  • Das Durchschnittsergebnis liegt bei 11 aus 19
Antwortstatistiken
Hinsweis Antwort % Korrekt
Phuket, Krabi, Ranong, Phang Nga und Trang liegen an den Küsten der Andamanensee Thailand
90%
Die Stabkirche von Urnes im inneren Sognefjord steht auf der Liste des UNESCO-Weltkulturerbes Norwegen
87%
Das Apenningebirge bildet das Rückgrat der Halbinsel und die Alpen bilden es den größten Teil seiner nördlichen Grenze Italien
77%
Etwa 77% der Bevölkerung leben im westlichen, europäischen Teil des Landes Russland
73%
Gewann zweimal die FIFA-Weltmeisterschaft, 1930 auf heimischem Boden und erneut 1950 Uruguay
73%
Am 11. März 2011 ereignete sich ein Erdbeben der Stärke 9,1 und löste einen großen Tsunami aus Japan
70%
Benannt zu Ehren von König Philipp II. von Spanien Philippinen
70%
Das zehntgrößte Land der Welt und das größte in Afrika Algerien
67%
Beinhaltet die Galápagos-Inseln im Pazifik, etwa 1.000 Kilometer (620 Meilen) westlich des Festlandes Ecuador
67%
Wurde von Saddams Irak überfallen und später annektiert Kuwait
67%
Es befindet sich formell weiterhin im Krieg mit Syrien und dem Libanon Israel
60%
Weitere internationale Flughäfen sind Gimpo, Busan und Jeju Südkorea
57%
Seine östliche Hälfte wurde 1770 von Großbritannien beansprucht und zunächst besiedelt durch Straftransporte Australien
53%
Geologisch gesehen Teil des Mittelatlantischen Rückens Island
53%
Am 16. September 1975 erlangte das Land seine Unabhängigkeit von Australien Papua-Neuguinea
47%
Bildete den Kern der Maya-Zivilisation Guatemala
43%
Es hat seit 1815 keinen internationalen Krieg mehr geführt Schweiz
40%
Wurde der erste Staat der Welt, der das Christentum als seine offizielle Religion annahm im späten 3. oder frühen 4. Jahrhundert n. Chr Armenien
17%
Die Zahl der Fürsten wird auf mindestens 7.000 geschätzt Saudi-Arabien
7%
Keine übereinstimmenden Quizze gefunden
Verteilung der Resultate
Anzahl Personen mit jedem Resultat
Perzentil nach korrekt beantworteten Fragen
Ihre Resultats-Entwicklung
Sie haben dieses Quiz noch nicht gespielt